| 000 | 00820nam a2200241 a 4500 | ||
|---|---|---|---|
| 001 | 44796 | ||
| 003 | BD-RjUL | ||
| 005 | 20211209053923.0 | ||
| 008 | 160720s1961 bg ||||| |||| 00| 0 ben d | ||
| 020 | _c: PRs.5.00 | ||
| 035 | _a(BD-RjUL)44914 | ||
| 040 |
_aBD-RjUL _bben _cBD-RjUL _dBD-RjUL |
||
| 041 | _aben | ||
| 082 |
_223 _a891.443 _bABM 1961 |
||
| 100 |
_aঅবধূত _9137311 |
||
| 245 | 1 | 0 |
_aমরুতীর্থ হিংলাজ / _cঅবধূত |
| 250 | _a১ম পাক. সং. | ||
| 260 |
_aঢাকা : _bষ্ট্যান্ডার্ড পাবলিশার্স, _c১৯৬১ |
||
| 300 |
_a২৯৩ পৃ. : _bচিত্র ; _c২২ সেমি. |
||
| 650 |
_aবাংলা উপন্যাস _9137312 |
||
| 650 |
_aBengali fiction _9137313 |
||
| 942 |
_2ddc _cBK |
||
| 999 |
_c44796 _d44796 |
||